Introduction to computing for engineers (Record no. 17308)

MARC details
000 -LEADER
fixed length control field 00517nam a2200181Ia 4500
003 - CONTROL NUMBER IDENTIFIER
control field IN-BaIIA
008 - FIXED-LENGTH DATA ELEMENTS--GENERAL INFORMATION
fixed length control field 211028s9999 xx 000 0 eng d
020 ## - INTERNATIONAL STANDARD BOOK NUMBER
International Standard Book Number 0-07-100158-1
040 ## - CATALOGING SOURCE
Transcribing agency IIA Library
080 ## - UNIVERSAL DECIMAL CLASSIFICATION NUMBER
Universal Decimal Classification number 681.3:98
Item number CHA
100 ## - MAIN ENTRY--PERSONAL NAME
Personal name Chapra, S. C
9 (RLIN) 32629
245 #0 - TITLE STATEMENT
Title Introduction to computing for engineers
Statement of responsibility, etc. R. P Canale and S. C Chapra
260 ## - PUBLICATION, DISTRIBUTION, ETC.
Place of publication, distribution, etc. New York
Name of publisher, distributor, etc. McGraw-Hill
Date of publication, distribution, etc. 1986
300 ## - PHYSICAL DESCRIPTION
Extent xxi, 707p.
650 ## - SUBJECT ADDED ENTRY--TOPICAL TERM
Topical term or geographic name entry element Engineering - data processing
9 (RLIN) 24562
700 ## - ADDED ENTRY--PERSONAL NAME
Personal name Canale, R. P
9 (RLIN) 32630
942 ## - ADDED ENTRY ELEMENTS (KOHA)
Koha item type Books
Holdings
Withdrawn status Lost status Damaged status Not for loan Home library Current library Shelving location Date acquired Cost, normal purchase price Total Checkouts Full call number Barcode Date last seen Cost, replacement price Price effective from Koha item type Purchase Price
        IIA Library-Bangalore IIA Library-Bangalore General Stacks 26/05/2009 14680.00   681.3:98/ CHA 18230 05/11/2021 14680.00 26/05/2009 Books Rs. 14680.00

Powered by Koha